Пропуск в контексте

Дискретная математика для социологов Учебное пособие

В пособии рассматриваются основные области дискретной математики необходимые для социологов: элементы теории множеств математической логики и бинарных отношений теория графов комбинаторика. Кроме классических разделов в пособие включены основы нечетких множеств и краткое описание математических осно...

Fuld beskrivelse

Сохранить в:
Bibliografiske detaljer
Hovedforfatter: Евсеев Е.А
Format: Учебное пособие
Online adgang:https://znanium.com/catalog/document?id=373769
https://znanium.com/cover/1244/1244726.jpg
Tags: Tilføj Tag
Ingen Tags, Vær først til at tagge denne postø!
LEADER 03659nam0a2200289 i 4500
001 RU\infra-m\znanium\bibl\1244726
003 https://znanium.com/catalog/document?id=373769
005 20210206000000.0
010 |a 978-5-288-06020-5 
100 |a 20210206d2021 m y0rusy0150 ca 
101 0 |a rus 
102 |a RU 
200 1 |a Дискретная математика для социологов  |e Учебное пособие  |f Санкт-Петербургский государственный университет 
210 1 |a Санкт-Петербург  |c Издательство Санкт-Петербургского государственного университета  |d 2020 
215 |a 304 с. 
330 |a В пособии рассматриваются основные области дискретной математики необходимые для социологов: элементы теории множеств математической логики и бинарных отношений теория графов комбинаторика. Кроме классических разделов в пособие включены основы нечетких множеств и краткое описание математических основ анализа социальных сетей. Особое внимание уделено качественным характеристикам соотношений между объектами свойствам связанным с конечными множествами наглядным формам использования математических понятий методам абстрагирования интерпретациям используемых понятий и результатов. После каждого параграфа предлагаются упражнения и задачи для самостоятельной работы. В тексте приводится решение типовых задач. Некоторые задания снабжены указаниями для решения. Пособие адресовано в первую очередь студентам гуманитарных направлений - в рамках курсов дискретной и высшей математики математических методов и моделей в гуманитарных науках информатике — может быть также полезно для студентов магистратуры факультета социологии и других гуманитарных факультетов при изучении аналогичных математических курсов. 
333 |a ВО - Бакалавриат 
606 |a Физико-математические науки  |x Дискретная математика  |2 local 
608 |a Учебное пособие  |2 local 
675 |a 519  |z rus 
686 |a 221  |2 rubbk 
686 |a 39.03.01  |2 okso 
686 |a 39.04.01  |2 okso 
700 1 |a Евсеев  |b Е.А.  |g Евгений Александрович  |p Санкт-Петербургский государственный университет 
801 0 |a RU  |b Общество с ограниченной ответственностью «ЗНАНИУМ»  |c 20210203  |2 rusmarc 
856 4 |a znanium.com  |m ebs_support@infra-m.ru  |n НИЦ ИНФРА-М  |u https://znanium.com/catalog/document?id=373769 
856 4 1 |a znanium.com  |d /cover/1244  |f 1244726.jpg  |q image/jpeg  |u https://znanium.com/cover/1244/1244726.jpg